| 000 | 00908nam a2200193 4500 | ||
|---|---|---|---|
| 005 | 20260312145145.0 | ||
| 008 | 260312b |||||||| |||| 00| 0 eng d | ||
| 020 | _a9781032735276 | ||
| 037 | _cTextual | ||
| 040 |
_aRTL _cRTL |
||
| 084 | _qRTL | ||
| 100 |
_aKorsten, Frans-Willem _9993206 |
||
| 245 | _aImaging urban complexity: A Humanities approach in tropes, media, and genres | ||
| 260 |
_aLondon _bRoutledge _c2025 |
||
| 300 |
_axiii, 290 p. _bIncludes bibliographical reference and index |
||
| 520 | _aImagining Urban Complexity introduces passionate and critical perspectives on the link between the humanities and urban studies. It emphasizes tropes, media, and genres as cultural techniques that shape complexity in urban environments by distributing affordances, modes of sensing, and modes of sense-making. | ||
| 700 |
_aAlbright, Anthony T. _eCo-author _91131875 |
||
| 942 |
_2CC _n0 _cTEXL |
||
| 999 |
_c1715256 _d1715256 |
||